[Event "Hampstead U2200 Open Aug 2013"]
[Site "Hampstead"]
[Date "2013.08.24"]
[Round "2"]
[White "Thynne, Trefor F"]
[Black "Barasi, Paul"]
[Result "1/2-1/2"]
[WhiteElo "1970"]
[BlackElo "1914"]
[EventRounds "6"]

1. d4 d5 2. c4 Nc6 3. Nf3 Bg4 4. cxd5 Bxf3 5. gxf3 Qxd5 6. e3 e5 7. Nc3 Bb4 8.
Bd2 Bxc3 9. bxc3 Qd6 10. Bd3 Nge7 11. Rb1 b6 12. O-O O-O 13. Kh1 f5 14. Rg1
Rf6 15. Rg2 Kh8 16. Qc2 Raf8 17. Rbg1 Rh6 18. Bc4 Ng6 19. e4 f4 20. d5 Nce7
21. Be2 Nc8 22. c4 Rg8 23. Qb2 Qd7 24. Rg4 Nd6 25. Bc3 Nf7 26. Bb4 Rh5 27. Bf1
Qd8 28. Qa3 a5 29. Be1 Nh4 30. Bg2 Nh6 31. c5 Nxg4 32. fxg4 Rh6 33. cxb6 cxb6
34. f3 Ng6 35. Qb2 Qd6 36. Bf2 Rb8 37. Rc1 Ne7 38. Bf1 Rg6 39. h4 Rf6 40. a4
h5 41. g5 Rff8 42. Bh3 Rfe8 43. Be6 Rb7 44. Bf7 Reb8 45. Bxh5 {#d} 1/2-1/2

[Event "Hampstead U2200 Open Aug 2013"]
[Site "Hampstead"]
[Date "2013.08.24"]
[Round "2"]
[White "Marshall, Michael"]
[Black "White, David J"]
[Result "1-0"]
[WhiteElo "1839"]
[BlackElo "1941"]
[EventRounds "6"]

1. c4 e5 2. g3 g6 3. Bg2 Bg7 4. Nc3 Nc6 5. e4 d6 6. Nge2 Nge7 7. O-O Be6 8. d3
O-O 9. Nd5 Nd4 10. Nxd4 exd4 11. Bg5 Bxd5 12. cxd5 h6 13. Bd2 c6 14. dxc6 bxc6
15. Rc1 Qd7 16. Qa4 Rab8 17. Rc2 Rb7 18. f4 Rfb8 19. b3 c5 20. Qxd7 Rxd7 21.
Bh3 f5 22. Re1 Rc7 23. Ba5 Rcb7 24. Rce2 Nc6 25. Bd2 Rf8 26. exf5 gxf5 27. Bg2
Rc7 28. Re6 Rd8 29. Bd5 Kh7 30. a3 Rdd7 31. Bg2 Rc8 32. Bh3 Rf8 33. g4 fxg4
34. Bxg4 Rdd8 35. Bf3 Nb8 36. Re7 Nd7 37. R1e6 Rf6 38. Rxf6 Nxf6 39. Rxa7 Kg6
40. a4 Rb8 41. Rb7 Rxb7 42. Bxb7 Ne8 43. a5 Nc7 44. a6 Nb5 45. Kg2 Kf5 46.
Bc8+ Kf6 47. Ba5 Ke7 48. Bb6 h5 49. a7 Nxa7 50. Bxa7 Kf6 51. b4 {#r} 1-0

[Event "Hampstead U2200 Open Aug 2013"]
[Site "Hampstead"]
[Date "2013.08.24"]
[Round "2"]
[White "Levene, Joseph"]
[Black "Shaw, Dashiell L"]
[Result "0-1"]
[WhiteElo "1729"]
[BlackElo "1927"]
[EventRounds "6"]

1. e4 c5 2. Nc3 Nc6 3. f4 g6 4. Nf3 Bg7 5. Bb5 e6 6. Bxc6 bxc6 7. e5 d5 8.
exd6 Qxd6 9. d3 Nf6 10. O-O Rb8 11. Nd2 Ba6 12. Kh1 O-O 13. Nde4 Nxe4 14. Nxe4
Qd4 15. Qf3 c4 16. Be3 Qxb2 17. Nc5 Bc8 18. dxc4 Qxc2 19. Rac1 Qxa2 20. Qxc6
Rb4 21. Rf2 Qa3 22. Rf3 Bd4 23. Bd2 Qb2 24. Rd3 Rb6 25. Qc7 Bxc5 26. Qxc5 Bb7
27. Qg1 Qa2 28. c5 Rb2 29. Ra1 Qc4 30. Rd6 Bd5 31. Qe3 Qc2 32. Rc1 Qxd2 33.
Qxd2 Rxd2 {#R} 0-1

[Event "Hampstead U2200 Open Aug 2013"]
[Site "Hampstead"]
[Date "2013.08.24"]
[Round "2"]
[White "Landau, Jonathan"]
[Black "Giles, Yasmin"]
[Result "1/2-1/2"]
[WhiteElo "1924"]
[BlackElo "1882"]
[EventRounds "6"]

1. e4 c6 2. Nc3 d5 3. Nf3 Bg4 4. h3 Bxf3 5. Qxf3 Nf6 6. e5 Nfd7 7. d4 e6 8.
Be3 Qb6 9. O-O-O c5 10. dxc5 Bxc5 11. Bxc5 Qxc5 12. Qg3 g6 13. Nb5 O-O 14. f4
Nc6 15. h4 h5 16. Bd3 Kh8 17. Qg5 Qe7 18. Qh6+ Kg8 19. g4 hxg4 20. h5 f5 21.
hxg6 Qg7 22. Qg5 Ndxe5 23. fxe5 Nxe5 24. Rh6 Rf6 25. Rdh1 Rxg6 26. Rh8+ Qxh8
27. Rxh8+ Kxh8 28. Qh4+ Kg8 29. Nd4 Nxd3+ 30. cxd3 g3 31. Ne2 g2 32. Ng1 Rf8
33. Kd2 e5 34. Qe7 e4 35. Qxb7 Rd6 36. dxe4 dxe4+ 37. Ke3 Rd3+ 38. Kf4 Rf7 39.
Qb8+ Kh7 40. Qe8 Rdd7 41. Qc8 Rd1 42. Qc5 Rf1+ 43. Kg3 Rg7+ 44. Kh3 e3 45.
Qxe3 f4 46. Qe4+ Kh6 47. Qe6+ Rg6 48. Qe8 Rxg1 49. Qh8+ Kg5 50. Qe5+ {#d}
1/2-1/2

[Event "Hampstead U2200 Open Aug 2013"]
[Site "Hampstead"]
[Date "2013.08.24"]
[Round "2"]
[White "Sagues, Vincent"]
[Black "Gupta, Arul"]
[Result "0-1"]
[WhiteElo "1919"]
[BlackElo "1781"]
[EventRounds "6"]

1. e4 e5 2. Nf3 Nc6 3. Bb5 a6 4. Ba4 Nf6 5. O-O Be7 6. Re1 b5 7. Bb3 d6 8. h3
O-O 9. c3 Na5 10. Bc2 c5 11. d4 Qc7 12. Nbd2 cxd4 13. cxd4 Nc6 14. d5 Nb4 15.
Bb1 a5 16. a3 Na6 17. Nf1 Bd7 18. Be3 Rfc8 19. Ng3 Nc5 20. Bc2 a4 21. Rc1 Qb7
22. Bd2 Bd8 23. Re2 Bb6 24. Nh4 g6 25. Kh1 Ne8 26. f4 f6 27. Nf3 Kg7 28. fxe5
dxe5 29. Qe1 Nd6 30. Bc3 Re8 31. Bb4 Nc4 32. Bc3 Ba5 33. Bxa5 Rxa5 34. Qb4 Na6
35. Qe1 Nc5 36. Bb1 Raa8 37. Qb4 Rac8 38. Rxc4 bxc4 39. Qd2 Nb3 40. Qe3 Nc5
41. Rd2 Qb3 42. Qf2 c3 43. Rc2 Nd3 44. Qa7 Red8 45. Ne2 Nxb2 46. Nc1 Qxa3 47.
Ba2 Qc5 48. Qa6 Bb5 49. Qe6 Re8 50. Qg4 Qd6 51. Nh4 Bd7 52. Qg3 Qa6 53. Rxc3
Qf1+ 54. Kh2 Qf4 55. Rxc8 Qxg3+ 56. Kxg3 Rxc8 57. Ne2 Nd3 58. Kf3 Nb4 59. Bb1
a3 60. Ke3 Bb5 {#R} 0-1

[Event "Hampstead U2200 Open Aug 2013"]
[Site "Hampstead"]
[Date "2013.08.25"]
[Round "3"]
[White "Craft, Isaac"]
[Black "Villiers, Thomas"]
[Result "1/2-1/2"]
[WhiteElo "2010"]
[BlackElo "1985"]
[EventRounds "6"]

1. d4 Nf6 2. c4 g6 3. Nc3 d5 4. cxd5 Nxd5 5. e4 Nxc3 6. bxc3 c5 7. Nf3 Bg7 8.
Qa4+ Nc6 9. Be3 O-O 10. Rc1 Bd7 11. Qd1 Qa5 12. Qd2 Bg4 13. d5 Rfd8 14. c4
Qxd2+ 15. Nxd2 Nd4 16. f3 Bd7 17. Bxd4 Bxd4 18. Nb3 Bb2 19. Rc2 Ba3 20. Bd3 a5
21. O-O Rdb8 22. Nd2 Ba4 23. Nb3 b5 24. Rb1 bxc4 25. Bxc4 Rb4 26. Kf2 Rab8 27.
Re1 Bb2 28. e5 Bd4+ 29. Kg3 Bxb3 30. axb3 a4 31. bxa4 Rxa4 32. d6 exd6 33.
exd6 Ra7 34. Re7 Rxe7 35. dxe7 Re8 36. Re2 Bf6 37. Bb5 Rxe7 38. Rxe7 Bxe7 39.
f4 Kg7 40. Kf3 f5 41. Bc4 Bd6 42. g4 fxg4+ 43. Kxg4 Kf6 44. Bd3 h5+ 45. Kf3
Bxf4 46. Kxf4 g5+ 47. Ke4 h4 48. Kf3 {#d} 1/2-1/2

[Event "Hampstead U2200 Open Aug 2013"]
[Site "Hampstead"]
[Date "2013.08.25"]
[Round "3"]
[White "Kalavannan, Koby"]
[Black "Prior, Stephen"]
[Result "0-1"]
[WhiteElo "1758"]
[BlackElo "2006"]
[EventRounds "6"]

1. d4 g6 2. Nf3 d6 3. c4 Bg7 4. g3 e5 5. dxe5 dxe5 6. Qxd8+ Kxd8 7. Nc3 c6 8.
e4 Ne7 9. Bg5 f6 10. Be3 Be6 11. c5 Kc7 12. O-O-O Rd8 13. Rxd8 Kxd8 14. Bg2
Kc7 15. Rd1 Nc8 16. h3 Na6 17. Bf1 b5 18. a4 Bf8 19. axb5 Nxc5 20. bxc6 Kxc6
21. Bb5+ Kb7 22. Rd8 Nb6 23. Rxa8 Kxa8 24. Bc6+ Kb8 25. g4 Nc4 26. Bd5 Nxe3
27. Bxe6 Nxe6 28. fxe3 Bh6 29. Kd2 Kb7 30. Nd5 Ng5 31. Nxg5 Bxg5 32. Kd3 Kc6
33. Kc4 Bh4 34. b4 a6 35. Ne7+ Kd7 36. Nd5 Kd6 37. Nc3 Bg5 38. Nd5 Kc6 39.
Ne7+ Kd7 40. Nd5 Kd6 41. Kd3 f5 42. Nc3 f4 43. exf4 exf4 44. Ke2 Bd8 45. b5 a5
46. Na4 g5 47. Kf2 Bf6 48. Kg2 Bd4 49. Kf3 Ke5 50. Ke2 Kxe4 51. b6 Kd5 52. b7
Ba7 53. Nb6+ Kc6 54. Nc4 a4 55. Kd3 Kxb7 56. Kc3 Bc5 57. Ne5 a3 58. Kb3 Be7
59. Nf3 Kc6 60. Nd4+ Kd5 61. Nf5 Bf8 62. h4 h6 63. hxg5 hxg5 64. Ka2 Ke4 65.
Kb3 Kf3 66. Nd4+ Kxg4 67. Ne6 Bd6 68. Nd4 f3 69. Nc2 f2 70. Ka2 Kf3 71. Nd4+
Kg2 72. Nf5 Bc5 73. Ne3+ Bxe3 74. Kxa3 f1=Q 75. Kb3 {#R} 0-1

[Event "Hampstead U2200 Open Aug 2013"]
[Site "Hampstead"]
[Date "2013.08.25"]
[Round "3"]
[White "Murphy, Conor"]
[Black "Horton, Justin"]
[Result "1/2-1/2"]
[WhiteElo "1972"]
[BlackElo "2090"]
[EventRounds "6"]

1. Nf3 Nf6 2. g3 d5 3. Bg2 c6 4. c4 Bg4 5. Ne5 Be6 6. cxd5 Bxd5 7. Nf3 Nbd7 8.
Nc3 e6 9. O-O Bd6 10. d3 Bxf3 11. Bxf3 Qe7 12. d4 O-O 13. Qc2 Rac8 14. e4 e5
15. Be3 exd4 16. Bxd4 Ne5 17. Bg2 Bc5 18. Rad1 Rfd8 19. Ne2 Bxd4 20. Nxd4 Qb4
21. Nf5 g6 22. a3 Qf8 23. Qc3 Nfg4 24. h3 gxf5 25. hxg4 Nxg4 26. exf5 Qh6 27.
Rfe1 Qh2+ 28. Kf1 Qh5 29. Rxd8+ Rxd8 30. Qc5 Nh2+ 31. Kg1 Nf3+ 32. Bxf3 Qxf3
33. Qe7 Rd1 34. Qe8+ Kg7 35. Qe5+ Kg8 36. Qe8+ Kg7 37. Qe5+ Kg8 38. Rxd1 Qxd1+
39. Kh2 Qf3 40. f6 Qxf2+ 41. Kh3 Qf1+ 42. Kh2 Qf2+ 43. Kh3 Qf1+ 44. Kh4 Qh1+
45. Kg4 Qd1+ 46. Kf4 Qf1+ 47. Kg4 {#d} 1/2-1/2

[Event "Hampstead U2200 Open Aug 2013"]
[Site "Hampstead"]
[Date "2013.08.25"]
[Round "3"]
[White "Kalerwa, Edwin"]
[Black "French, Angus"]
[Result "1-0"]
[WhiteElo "1782"]
[BlackElo "2003"]
[EventRounds "6"]

1. c4 c6 2. Nc3 d5 3. e3 e5 4. d4 e4 5. Nge2 Nf6 6. cxd5 cxd5 7. Qb3 Nc6 8.
Nf4 Bb4 9. Bb5 Qa5 10. O-O a6 11. Be2 Ne7 12. a3 Bxc3 13. bxc3 O-O 14. a4 Ng6
15. Nxg6 hxg6 16. Ba3 Re8 17. Bc5 Qc7 18. Rfb1 g5 19. a5 Rb8 20. Bxa6 Ng4 21.
g3 Qd7 22. Be2 Nxh2 23. Kxh2 Qh3+ 24. Kg1 Re6 25. Bf1 Qf5 26. Bg2 Rh6 27. Bb6
Qh7 28. Qxd5 Be6 29. Qxe4 Bf5 30. Qe5 Rc8 31. Rb5 Bd7 32. Rc5 Re8 33. Qc7 Bc6
34. d5 Bb5 35. Rxb5 {#r} 1-0

[Event "Hampstead U2200 Open Aug 2013"]
[Site "Hampstead"]
[Date "2013.08.25"]
[Round "3"]
[White "Galan Fernandez, Felix"]
[Black "Mondal, Prince"]
[Result "0-1"]
[WhiteElo "2000"]
[BlackElo "1933"]
[EventRounds "6"]

1. e4 c5 2. Nf3 d6 3. d4 cxd4 4. Nxd4 Nf6 5. Nc3 a6 6. h3 b5 7. a3 Bb7 8. Qe2
Nbd7 9. g4 Nb6 10. Bg2 e6 11. O-O Be7 12. Rd1 Qc7 13. g5 Nfd7 14. Nb3 Nc4 15.
Qe1 Ndb6 16. Nd4 Rc8 17. Nde2 O-O 18. b3 Ne5 19. Be3 Rfd8 20. f4 Ng6 21. Qf2
Nd7 22. h4 Bf8 23. h5 Ne7 24. Rd2 Qb8 25. Rf1 f5 26. gxf6 Nxf6 27. Bh3 Kf7 28.
Ba7 Qa8 29. e5 Ne4 30. Nxe4 Bxe4 31. exd6 Nf5 32. Bxf5 Bxf5 33. Ng3 Rxd6 34.
Rxd6 Bxd6 35. Nxf5 exf5 36. Bd4 Qe4 37. c3 Re8 38. b4 Qe2 39. Qg2 Qxg2+ 40.
Kxg2 Re2+ 41. Kg3 Ra2 42. Be5 Bxe5 43. fxe5 Ke6 44. Kf4 Re2 45. Ra1 Re4+ 46.
Kf3 Kxe5 47. a4 Rc4 48. Ra3 bxa4 49. Ke3 Rc6 50. Kd3 g5 51. hxg6 hxg6 52. Rxa4
g5 53. c4 g4 54. Ra5+ Kf4 55. c5 g3 56. Kd4 g2 57. Ra1 Kg3 58. Kd5 Rc8 59. c6
f4 {#R} 0-1

[Event "Hampstead U2200 Open Aug 2013"]
[Site "Hampstead"]
[Date "2013.08.25"]
[Round "3"]
[White "Willmoth, Robert"]
[Black "Tillett, Matthew"]
[Result "1-0"]
[WhiteElo "2174"]
[BlackElo "1922"]
[EventRounds "6"]

1. e4 e5 2. Nc3 Bc5 3. g3 Nf6 4. Bg2 d6 5. Na4 Bb6 6. Nxb6 axb6 7. d3 O-O 8.
Ne2 Nc6 9. O-O Be6 10. f4 exf4 11. Nxf4 Bg4 12. Qe1 Qe7 13. Qf2 Bd7 14. h3 Ne5
15. Bd2 c5 16. a3 Bc6 17. Rae1 Qc7 18. Bc3 Rae8 19. g4 Nfd7 20. Qg3 f6 21. Rf2
Rf7 22. Ref1 Nf8 23. h4 Ne6 24. Nxe6 Rxe6 25. g5 Kh8 26. Bh3 Re8 27. Bxe5 dxe5
28. g6 Rff8 29. gxh7 Bd7 30. Bf5 Bxf5 31. Rxf5 Qf7 32. b3 Kxh7 33. a4 Re6 34.
h5 g6 35. hxg6+ Qxg6 36. Qxg6+ Kxg6 37. Kf2 Rh8 38. Rg1+ Kf7 39. Rg2 Ree8 40.
Ke2 Rhg8 41. Rgf2 Rg6 42. Kd2 Ke6 43. Kc3 Rd8 44. Rh5 Rd7 45. Rh8 Rgg7 46.
Rfh2 Kd6 47. R2h6 Rgf7 48. Kc4 Kc6 49. Re8 Rd6 50. Rhh8 Rd4+ 51. Kc3 Kd6 52.
Rd8+ Rd7 53. Rdf8 Ke6 54. Rh6 Rf7 55. Rxf7 Kxf7 56. Rh7+ Ke6 57. Rxb7 Rd6 58.
Kc4 f5 59. exf5+ Kxf5 60. Kb5 e4 61. dxe4+ Kxe4 62. Rxb6 Rd5 63. c4 Rh5 64. a5
{#r} 1-0

[Event "Hampstead U2200 Open Aug 2013"]
[Site "Hampstead"]
[Date "2013.08.25"]
[Round "3"]
[White "Doci, Stefan"]
[Black "Marshall, Michael"]
[Result "1-0"]
[WhiteElo "2076"]
[BlackElo "1839"]
[EventRounds "6"]

1. e4 c5 2. Nf3 e6 3. c4 Nc6 4. Nc3 g6 5. d4 cxd4 6. Nxd4 Bg7 7. Ndb5 Nge7 8.
Nd6+ Kf8 9. Be2 b6 10. O-O h5 11. f4 Nd4 12. Bd3 Qc7 13. e5 Nef5 14. Nce4 Bb7
15. Bd2 Bh6 16. Rc1 Bxe4 17. Bxe4 Nxd6 18. Bb4 {#r} 1-0

[Event "Hampstead U2200 Open Aug 2013"]
[Site "Hampstead"]
[Date "2013.08.25"]
[Round "3"]
[White "Gupta, Arul"]
[Black "Kahn, Tito"]
[Result "1-0"]
[WhiteElo "1781"]
[BlackElo "2020"]
[EventRounds "6"]

1. e4 c5 2. Nf3 e6 3. c3 d5 4. exd5 Qxd5 5. Na3 Nf6 6. d4 cxd4 7. Nb5 Na6 8.
Qxd4 Bc5 9. Qxd5 Nxd5 10. a3 O-O 11. b4 Be7 12. c4 Bf6 13. Rb1 Nc3 14. Nxc3
Bxc3+ 15. Bd2 Bf6 16. Bd3 Bd7 17. Be4 Bc6 18. Bxc6 bxc6 19. O-O Rfd8 20. Rb3
Rd7 21. Be3 Nc7 22. Rfb1 h6 23. h3 Kh7 24. a4 a6 25. Bf4 Ra7 26. Be5 Rb7 27.
b5 axb5 28. axb5 cxb5 29. c5 Rd5 30. c6 Ra7 31. Bxc7 Rxc7 32. Rxb5 Rxb5 33.
Rxb5 Rxc6 34. g4 g5 35. Kg2 Kg6 36. Rb8 Bg7 37. Rg8 Kh7 38. Rb8 Rc2 39. Rd8
Bf6 40. Rd2 Rxd2 41. Nxd2 Kg6 42. Kf3 Bd4 43. Ke2 f5 44. f3 Kf6 45. Nc4 Ke7
46. Kd3 Bf6 47. Ne3 f4 48. Nc4 Kd7 49. Nd2 Kc6 50. Ne4 Bg7 51. Kc4 Be5 52. Nc5
Kd6 53. Ne4+ Ke7 54. Kc5 Bb8 55. Kc6 Be5 56. Kc5 Kd7 57. Kb5 Bb2 58. Kc5 Kc7
59. Kb5 Bd4 60. Kc4 Bg7 61. Nc5 Kd6 62. Ne4+ Ke5 63. Nc5 Bf8 64. Nd7+ Kd6 65.
Nxf8 Ke7 66. Ng6+ Kf6 67. Nxf4 gxf4 68. h4 Ke7 69. Kd4 Kd6 70. Ke4 e5 71. Kf5
Kd5 72. g5 hxg5 73. hxg5 Kd4 74. g6 e4 75. g7 exf3 76. g8=Q Ke3 77. Qe6+ Kd2
78. Qd5+ Ke2 79. Qe4+ Kf2 80. Kxf4 Kg2 81. Qxf3+ Kg1 82. Qe2 {#r} 1-0

[Event "Hampstead U2200 Open Aug 2013"]
[Site "Hampstead"]
[Date "2013.08.25"]
[Round "3"]
[White "Pietrzak, Tomasz"]
[Black "Verma, Aditya"]
[Result "1/2-1/2"]
[WhiteElo "1935"]
[BlackElo "1625"]
[EventRounds "6"]

1. Nf3 Nf6 2. c4 e6 3. d4 d5 4. Nc3 c6 5. cxd5 exd5 6. Bg5 Nbd7 7. e3 Be7 8.
Bd3 O-O 9. O-O Re8 10. Qc2 Nf8 11. Rab1 Ne4 12. Bxe7 Qxe7 13. Bxe4 dxe4 14.
Nd2 Bf5 15. Rbe1 Bg6 16. Qd1 f5 17. f3 Kh8 18. Qb3 Bf7 19. Qc2 Bd5 20. fxe4
fxe4 21. Ndxe4 Ng6 22. Nxd5 cxd5 23. Nc3 Rac8 24. Qf5 Rf8 25. Qxd5 Rxf1+ 26.
Rxf1 Qxe3+ 27. Kh1 Rf8 28. Rxf8+ Nxf8 29. h3 Qc1+ 30. Kh2 Qf4+ 31. Kg1 Qc1+
32. Kh2 Qf4+ 33. g3 Qf2+ 34. Qg2 Qxd4 35. Qxb7 h6 36. Qf7 Ne6 37. h4 Qd2+ 38.
Kg1 Qc1+ 39. Kg2 Qxb2+ 40. Kh3 Qxc3 41. Qxe6 {#d} 1/2-1/2

[Event "Hampstead U2200 Open Aug 2013"]
[Site "Hampstead"]
[Date "2013.08.25"]
[Round "3"]
[White "Shaw, Dashiell L"]
[Black "Jain, Gautam"]
[Result "1-0"]
[WhiteElo "1927"]
[BlackElo "1661"]
[EventRounds "6"]

1. e4 e5 2. Bc4 Nc6 3. Nf3 Nf6 4. d3 Be7 5. c3 O-O 6. O-O d6 7. Bb3 Bg4 8.
Nbd2 Nh5 9. h3 Be6 10. Nc4 b5 11. Ne3 Nf4 12. Nd5 Bxd5 13. exd5 Na5 14. Bxf4
Nxb3 15. Qxb3 exf4 16. Nd4 a6 17. a4 bxa4 18. Rxa4 Bh4 19. Qc4 Qb8 20. b4 Qb7
21. Rfa1 Rfe8 22. Qc6 Qxc6 23. dxc6 g6 24. Kf1 Bf6 25. b5 Bxd4 26. cxd4 Reb8
27. Rxa6 Rxa6 28. bxa6 Ra8 29. a7 f5 30. d5 Kg7 31. Ke2 Kf6 32. d4 Ke7 33. Kd3
g5 34. Kc4 g4 35. f3 gxf3 36. gxf3 h5 37. Kb5 Kd8 38. Ka6 Kc8 39. Rg1 {#r} 1-0

[Event "Hampstead U2200 Open Aug 2013"]
[Site "Hampstead"]
[Date "2013.08.25"]
[Round "3"]
[White "Nayak, Raghav"]
[Black "Thynne, Trefor F"]
[Result "0-1"]
[WhiteElo "1693"]
[BlackElo "1970"]
[EventRounds "6"]

1. e4 c5 2. Nc3 Nc6 3. f4 g6 4. Nf3 Bg7 5. Bc4 d6 6. O-O Bg4 7. Bxf7+ Kf8 8.
Bc4 Nd4 9. Be2 Nxe2+ 10. Qxe2 Bd4+ 11. Nxd4 Bxe2 12. Ne6+ Ke8 13. Nxd8 Bxf1
14. Ne6 Kd7 15. Ng5 h6 16. Nf7 Rh7 17. Nxh6 Rxh6 18. d3 Rh7 19. Be3 Bxd3 20.
cxd3 Nf6 21. h3 Kc6 22. Rb1 b6 23. d4 e6 24. b4 c4 25. b5+ Kd7 26. d5 exd5 27.
e5 Ne4 28. Nxd5 dxe5 29. fxe5 Rd8 30. Nf6+ Nxf6 31. exf6 Rh5 32. Rf1 Rf8 33.
Bd4 Rxb5 34. g4 Rd5 35. Bb2 Rf7 36. Kg2 Rd2+ 37. Rf2 Rxb2 38. Rxb2 Rxf6 39. h4
Kc6 40. Kg3 Kc5 41. g5 Rd6 42. h5 gxh5 43. Kh4 c3 44. Rc2 Kc4 45. Rc1 Rd2 46.
Kxh5 Rxa2 47. g6 Rg2 48. Kh6 Kb3 49. g7 Kb2 50. Rf1 c2 51. Kh7 c1=Q 52. Rf2+
Qc2+ 53. Rxc2+ Kxc2 54. g8=Q Rxg8 55. Kxg8 a5 {#R} 0-1

[Event "Hampstead U2200 Open Aug 2013"]
[Site "Hampstead"]
[Date "2013.08.25"]
[Round "3"]
[White "Giles, Yasmin"]
[Black "Millward, David J"]
[Result "1-0"]
[WhiteElo "1882"]
[BlackElo "1958"]
[EventRounds "6"]

1. e4 d5 2. exd5 Qxd5 3. Nf3 Bg4 4. Be2 Nf6 5. d4 c6 6. O-O e6 7. c4 Qd8 8.
Nc3 Bd6 9. Bg5 Nbd7 10. d5 Qc7 11. h3 Bh5 12. Nd4 Bxe2 13. Qxe2 e5 14. Nf5 O-O
15. Rad1 Bb4 16. d6 Qa5 17. Ne4 Nxe4 18. Qxe4 Nc5 19. Qg4 Ne6 20. Bf6 h5 21.
Ne7+ {#r} 1-0

[Event "Hampstead U2200 Open Aug 2013"]
[Site "Hampstead"]
[Date "2013.08.25"]
[Round "3"]
[White "White, David J"]
[Black "Wei, Naomi"]
[Result "1/2-1/2"]
[WhiteElo "1941"]
[BlackElo "1759"]
[EventRounds "6"]

1. e4 e6 2. d4 d5 3. e5 c5 4. c3 Qb6 5. Nf3 Bd7 6. Na3 cxd4 7. cxd4 Nc6 8. Nc2
Nge7 9. Bd3 Nf5 10. Bxf5 exf5 11. O-O Be7 12. b3 O-O 13. Re1 Be6 14. Bg5 Bxg5
15. Nxg5 Rac8 16. Qh5 h6 17. Nf3 Nxe5 18. Nxe5 Rxc2 19. Qh4 Rfc8 20. h3 Rb2
21. Nd3 Rd2 22. Nc5 Qb4 23. Nxe6 fxe6 24. Rxe6 Qxd4 25. Qxd4 Rxd4 26. Re7 Rc2
27. a4 Rdd2 28. Rf1 d4 29. Rxb7 d3 30. Rd7 a5 31. Re1 Re2 32. Rd1 Rxf2 33.
R7xd3 Rxg2+ 34. Kh1 Rh2+ 35. Kg1 Rcg2+ 36. Kf1 Rf2+ 37. Kg1 Rhg2+ 38. Kh1 f4
39. Rb1 f3 40. Rxf3 Rh2+ 41. Kg1 Rfg2+ 42. Kf1 Rb2 43. Rxb2 Rxb2 44. Ke1 Kh7
45. Kd1 Kg6 46. Kc1 Rh2 47. Rg3+ Kf6 48. Rf3+ Ke5 49. Kd1 g5 50. Ke1 h5 51.
Kf1 Ke4 52. Rc3 Kd4 53. Rg3 h4 54. Rxg5 Rxh3 55. Rxa5 Rxb3 56. Kg2 h3+ 57. Kh2
Ra3 58. Rh5 Kc4 59. Rxh3 {#d} 1/2-1/2

[Event "Hampstead U2200 Open Aug 2013"]
[Site "Hampstead"]
[Date "2013.08.25"]
[Round "3"]
[White "Barasi, Paul"]
[Black "Landau, Jonathan"]
[Result "1/2-1/2"]
[WhiteElo "1914"]
[BlackElo "1924"]
[EventRounds "6"]

1. d4 e5 2. dxe5 Nc6 3. Nf3 Qe7 4. g3 Nxe5 5. Bg2 Nf6 6. Nc3 Nxf3+ 7. Bxf3 c6
8. O-O d5 9. e4 dxe4 10. Nxe4 Nxe4 11. Bxe4 Be6 12. Re1 Qf6 13. Bf4 Bc5 14.
Qe2 Rd8 15. Be5 Qh6 16. Bf4 Qf6 17. Be5 {#d} 1/2-1/2

[Event "Hampstead U2200 Open Aug 2013"]
[Site "Hampstead"]
[Date "2013.08.25"]
[Round "3"]
[White "Bryant, Jonathan"]
[Black "Sagues, Vincent"]
[Result "1-0"]
[WhiteElo "1911"]
[BlackElo "1919"]
[EventRounds "6"]

1. Nf3 Nf6 2. c4 e6 3. g3 d5 4. d4 c6 5. Bg2 Bd6 6. O-O Nbd7 7. Nbd2 O-O 8.
Qc2 Re8 9. Rd1 Nf8 10. e4 dxe4 11. Nxe4 Nxe4 12. Qxe4 Qe7 13. Ne5 f6 14. Nf3
c5 15. Be3 Rb8 16. Rd2 b6 17. Rad1 Bb7 18. Qc2 Rbc8 19. Qa4 Bc6 20. Qb3 cxd4
21. Nxd4 Bxg2 22. Kxg2 Bb8 23. Qd3 Qb7+ 24. Kg1 Ng6 25. Qf1 Ne5 26. b3 Rcd8
27. Qg2 Qxg2+ 28. Kxg2 a6 29. Nxe6 Rxd2 30. Rxd2 Rxe6 31. Rd8+ Kf7 32. Rxb8
Nd7 33. Rb7 Ke8 34. b4 Rc6 35. c5 bxc5 36. bxc5 Ke7 37. Kf3 Ke6 38. Ke4 f5+
39. Kd3 Nxc5+ 40. Bxc5 Rxc5 41. Rxg7 h5 42. Rg6+ Ke5 43. f4+ Kd5 44. Rxa6 Rc8
45. Rf6 h4 46. Rxf5+ Kd6 47. Rh5 hxg3 48. hxg3 Rg8 49. Rg5 Ra8 50. Re5 Rxa2
51. Ke4 Rg2 52. Rg5 Ke6 53. Rg6+ Kf7 54. f5 Ra2 55. Kf4 Ra3 56. g4 Ra4+ 57.
Kg5 Ra1 58. Rb6 Ra7 59. Rh6 Ra5 60. Rh7+ Kg8 61. Rb7 Ra6 62. f6 Ra8 63. Kg6
Rc8 64. Rg7+ Kh8 65. Rh7+ Kg8 66. f7+ {#r} 1-0

[Event "Hampstead U2200 Open Aug 2013"]
[Site "Hampstead"]
[Date "2013.08.25"]
[Round "4"]
[White "Prior, Stephen"]
[Black "Craft, Isaac"]
[Result "0-1"]
[WhiteElo "2006"]
[BlackElo "2010"]
[EventRounds "6"]

1. e4 e5 2. Nc3 Nf6 3. f4 d5 4. fxe5 Nxe4 5. d3 Nxc3 6. bxc3 d4 7. Nf3 Nc6 8.
Be2 Be6 9. O-O Bc5 10. c4 h6 11. Qe1 Qd7 12. Rb1 O-O-O 13. Bf4 g5 14. Bg3 Rdg8
15. Nd2 Bb4 16. Qc1 Bxd2 17. Qxd2 h5 18. Bf3 h4 19. Be1 g4 20. Be4 b6 21. Qf4
Ne7 22. g3 hxg3 23. Bxg3 Rh5 24. Bh1 Qa4 25. Qe4 Qxc2 26. Qa8+ Kd7 27. Bc6+
Nxc6 28. Qxg8 Qxd3 29. Rbe1 Qxc4 30. Rc1 Qd5 31. Rc2 d3 32. Rcf2 Nxe5 33. Bxe5
Rxe5 34. Rxf7+ Bxf7 35. Rxf7+ Kc6 36. Qg7 d2 $138 {0-1, Time.} {#R} 0-1

[Event "Hampstead U2200 Open Aug 2013"]
[Site "Hampstead"]
[Date "2013.08.25"]
[Round "4"]
[White "Villiers, Thomas"]
[Black "Kalerwa, Edwin"]
[Result "1-0"]
[WhiteElo "1985"]
[BlackElo "1782"]
[EventRounds "6"]

1. c4 Nf6 2. g3 c6 3. Nf3 d6 4. d4 Nbd7 5. Bg2 e5 6. Nc3 Be7 7. O-O O-O 8. e4
Kh8 9. Qe2 a6 10. a4 Ng8 11. Rd1 Qe8 12. b4 f6 13. b5 Qh5 14. Ba3 exd4 15.
Nxd4 Qxe2 16. Ncxe2 Ne5 17. bxc6 bxc6 18. f4 Nxc4 19. Nxc6 Nxa3 20. Rxa3 Bg4
21. Kf2 Bd8 22. Nxd8 Raxd8 23. Rad3 Rb8 24. Rxd6 a5 25. Bf3 Nh6 26. R6d5 Rb3
27. R1d3 Rb2 28. Rxa5 Be6 29. Rc5 Ng4+ 30. Kg1 h5 31. Rxh5+ Nh6 32. Rc5 Bh3
33. Rb5 Ra2 34. Nc3 Rc2 35. Ne2 Ra2 36. a5 Rc8 37. Rc3 Rd8 38. Rd5 Rb8 39. Nc1
Rb1 40. Rd1 Rxa5 41. Nb3 Rxd1+ 42. Bxd1 Ra3 43. Rc5 Ra2 44. Rc2 Ra3 45. Rd2
Be6 46. Nd4 Bh3 47. Kf2 Ra1 48. Nc2 Rb1 49. Ne3 Be6 50. f5 Bf7 51. g4 g5 52.
Be2 Kg7 53. h3 Bg8 54. Rd7+ Kf8 55. Bc4 Rb2+ 56. Kf3 Bxc4 57. Nxc4 Rb3+ 58.
Ne3 Nf7 59. Ke2 Ne5 60. Rd2 Kf7 61. Ra2 Ke8 62. Ra8+ Kf7 63. Ra7+ Kf8 64. Nd5
Rb2+ 65. Ke3 Rb3+ 66. Kd2 Rxh3 67. Nxf6 Rd3+ 68. Ke2 Rd6 69. Nh7+ Kg8 70. Nxg5
Nxg4 71. Ne6 Ne5 72. Ke3 $138 {1-0, Time.} {#r} 1-0

[Event "Hampstead U2200 Open Aug 2013"]
[Site "Hampstead"]
[Date "2013.08.25"]
[Round "4"]
[White "Mondal, Prince"]
[Black "Doci, Stefan"]
[Result "0-1"]
[WhiteElo "1933"]
[BlackElo "2076"]
[EventRounds "6"]

1. Nf3 d5 2. c4 d4 3. b4 c5 4. bxc5 Nc6 5. d3 e5 6. g3 Bxc5 7. Bg2 f5 8. Nbd2
Nf6 9. O-O O-O 10. Nb3 Bd6 11. a4 Qe7 12. e3 dxe3 13. Bxe3 f4 14. Bc1 Bg4 15.
Re1 fxg3 16. hxg3 Rad8 17. d4 Bb4 18. Bd2 Nxd4 19. Nbxd4 Rxd4 20. Qb3 Rxd2 21.
Nxd2 Bxd2 22. Reb1 e4 23. Qxb7 Qxb7 24. Rxb7 e3 25. fxe3 Bxe3+ 26. Kh2 Be6 27.
Re7 Bxc4 28. Bf3 Bd4 29. Rc1 Bb3 30. Rb1 Bxa4 31. Rbb7 g6 32. Rg7+ Kh8 33.
Rge7 h5 34. Kg2 g5 35. Rbc7 g4 36. Bb7 Bb3 37. Kh2 a5 38. Be4 a4 39. Bc2 Bxc2
40. Rxc2 a3 41. Rd2 Ra8 42. Ra2 Bb2 43. Re2 Rb8 {#R} 0-1